|
|
|
|
| LEADER |
00000nab a2200000 i 4500 |
| 001 |
publ187 |
| 005 |
20170611192502.0 |
| 008 |
170403s2003 hu o 000 zxx d |
| 022 |
|
|
|a 1587-5881
|
| 040 |
|
|
|a BGE Publikációtár Repozitórium
|b hun
|
| 100 |
1 |
|
|a Kovácsné Székely Ilona
|
| 245 |
1 |
0 |
|a Csatlakozási pontok a valószínűségszámítás és a statisztika oktatásában
|c Kovácsné Székely Ilona
|h [elektronikus dokumentum]
|
| 260 |
|
|
|a Budapesti Gazdasági Főiskola Külkereskedelmi Kar
|c 2003
|
| 300 |
|
|
|a 82-85
|
| 490 |
0 |
|
|a Szakmai Füzetek 13
|v No. 13.
|
| 650 |
|
4 |
|a neveléstudományok
|
| 650 |
|
4 |
|a matematika- és számítástudományok
|
| 695 |
|
|
|a Felsőoktatás
|
| 695 |
|
|
|a Matematika
|
| 856 |
4 |
0 |
|u https://publikaciotar.uni-bge.hu/id/eprint/187/1/kovacsne_csatlakozasi%20pontok.pdf
|z Dokumentum-elérés
|